Tilastot visalle Oseanian fyysinen maantiede

Klikkaa tästä pelataksesi tätä visaa!

Yleistilastot

  • Tätä visaa on pelattu 180 kertaa
  • Keskiarvotulos 9 / 21

Vastaustilastot

VihjeVastaus% Oikein
Suurimmat maa-alueet ja saaretAustralia
83%
Suurimmat maa-alueet ja saaretTasmania
83%
Australian kuuluisin kiviUluru
72%
Suurimmat maa-alueet ja saaretPohjoissaari
62%
Suurimmat maa-alueet ja saaretEteläsaari
61%
Suurimmat maa-alueet ja saaretUusi-Guinea
59%
Riutta Queenslandin rannikollaIso Valliriutta
54%
Uuden-Seelannin merkittävin vuoristoEteläiset {Alpit}
46%
Meri, jossa yllä oleva sijaitseeKorallimeri
45%
Käsite Australian syrjäisille sisäalueilleOutback
44%
Uuden-Seelannin korkein vuoriMount Cook
34%
Oseanian pisin jokiMurray-Darling
31%
Suurimmat maa-alueet ja saaretUusi-Kaledonia
27%
Niemimaa Queenslandin pohjoisosassaCape York
22%
Saaristo, johon Tahiti kuuluu{Seura}saaret
22%
Salmi Queenslandin ja Papua-Uuden-Guinean välissäTorresinsalmi
22%
Australian etelärannikon muodostama lahtiIso Australian {mutka}
20%
Uuden-Seelannin suurin järviTaupojärvi
20%
Suurimmat maa-alueet ja saaretUusi-Britannia
19%
Queenslandista Victoriaan ulottuva vuoristoAustralian Kordillieerit
18%
Laaja ja lähes puuton tasankoalue Etelä-AustraliassaNullarbor
17%

Tulosjakauma

Persentiili vastausten määrän mukaan

Jokaisen tuloksen saaneiden osuus

Tuloshistoriasi

Et ole pelannut tätä visaa